El gran tablero (Registro nro. 5474)
[ vista simple ]
| 000 -LEADER | |
|---|---|
| fixed length control field | 01226 a2200193 4500 |
| 001 - CONTROL NUMBER | |
| control field | 54305 |
| 005 - DATE AND TIME OF LATEST TRANSACTION | |
| control field | 20260407155814.0 |
| 008 - FIXED-LENGTH DATA ELEMENTS--GENERAL INFORMATION | |
| fixed length control field | 260407a1967 arg spa d |
| 003 - CONTROL NUMBER IDENTIFIER | |
| control field | AR-UNSa-BCEJYS |
| 040 ## - CATALOGING SOURCE | |
| Original cataloging agency | AR-UNSa-BCEJYS |
| Language of cataloging | spa |
| Transcribing agency | AR-UNSa-BCEJYS |
| 080 ## - UNIVERSAL DECIMAL CLASSIFICATION NUMBER | |
| Universal Decimal Classification number | 336.7 |
| Common auxiliary subdivision | Moneda. Sistema monetario. Banca. Bolsa |
| 100 1# - MAIN ENTRY--PERSONAL NAME | |
| Personal name | Sobel, Robert |
| 245 10 - TITLE STATEMENT | |
| Title | El gran tablero |
| Name of part/section of a work | el mundo de Wall Street |
| 264 #1 - PRODUCTION, PUBLICATION, DISTRIBUTION, MANUFACTURE, AND COPYRIGHT NOTICE | |
| Place of production, publication, distribution, manufacture | México : |
| Name of producer, publisher, distributor, manufacturer | Limusa-Wiley |
| Date of production, publication, distribution, manufacture, or copyright notice | 1967 |
| 300 ## - PHYSICAL DESCRIPTION | |
| Extent | 1967 |
| Dimensions | 24 cm. |
| 505 ## - FORMATTED CONTENTS NOTE | |
| Formatted contents note | 1. antecedentes europeos - 2. Los valores de la naciente américa - 3. Bajo el dominio inglés:1812-1837 - 4. La primera era ferroviaria:1837-1857 - 5. Las fortunas de la guerra:1857-1865 - 6. Consolidación, expansión y pánico:1865-1873 - 7. Surge la banca de inversiones:1873-1884 - 8. Todos los caminos llevan a Wall Street:1884-1896 - 9. La morganización de los Estados Unidos:1896-1903 - 10. El fin de la edad de oro:1903-1913 - 11. Genealogía del alza gigantesca:1914-1924 - 12. Años triunfales de alza gigantesca:1924-1929 - 13. Muerte del alza gigantesca:1925-1933 - 14. Muerte y transfiguración:1933-1947 - 15. Tardío auge:1947-1960 - 16. La nueva Wall Street:1953-1964 |
| 590 ## - LOCAL NOTE (RLIN) | |
| Local note | niveau_biblio:m niveau_hierar:0 |
| 942 ## - ADDED ENTRY ELEMENTS (KOHA) | |
| Koha item type | |
| Withdrawn status | Lost status | Damaged status | Not for loan | Home library | Current library | Shelving location | Date acquired | Total checkouts | Full call number | Barcode | Date last seen | Price effective from | Koha item type |
|---|---|---|---|---|---|---|---|---|---|---|---|---|---|
| Biblioteca Prof. Eusebio Cleto del Rey | Biblioteca Prof. Eusebio Cleto del Rey | 07/04/2026 | 336.7 S677 | L21241 | 07/04/2026 | 07/04/2026 | Libro |